000
00243nam a2200109Ia 4500
008
190914s9999||||xx |||||||||||||| ||und||
100
_a
Mir Aman
245
0
_a
Bagh-w-Bahar
260
_a
Lahore
_b
Sang-e-Meel
_c
2009
300
_a
1073
942
_c
BK
999
_c
9028
_d
9028